| 000 | 01008nam a2200301 a 4500 | ||
|---|---|---|---|
| 001 | 000113415 | ||
| 003 | CHAP | ||
| 005 | 20220329144353.0 | ||
| 008 | 170620s2016 mx |r| ||||||spa d | ||
| 010 | _a109876 | ||
| 011 | _a110848 | ||
| 020 | _a9788499698151 | ||
| 040 | _cCHAP | ||
| 082 | 0 | 4 |
_a333.7207 _bA69 |
| 100 | 1 |
_aArias Ortega, Miguel Ángel. _9129878 |
|
| 245 | 1 | 0 |
_aEducación ambiental : _bcrónica de un proceso de formación / _cpor Miguel Ángel Arias Ortega. |
| 260 |
_aMéxico, D.F. : _bUniversidad Autónoma de la Ciudad de México : _bNewton. Edición y Tecnología Educativa, _c2016. |
||
| 300 | _a279 p. | ||
| 590 |
_aBATCH-UPD _b05 _c20170620 _lUCH01 _h0938 |
||
| 590 |
_aBATCH-UPD _b10 _c20190612 _lUCH01 _h1304 |
||
| 590 |
_aE11695DGD _b10 _c20170621 _lUCH01 _h0800 |
||
| 590 |
_aE5765TAJ _b05 _c20170620 _lUCH01 _h0938 |
||
| 650 | 1 | 4 |
_aCiencias ambientales _xEstudio y enseñanza. _9132545 |
| 650 | 1 | 4 |
_aDiversidad biológica. _943683 |
| 901 | _aBK | ||
| 942 | _cLIBRO | ||
| 942 | _n0 | ||
| 999 |
_c109876 _d109876 |
||